Tiếp cận văn hóa Tà Ôi

Nội dung sách giới thiệu một số nhận diện ban đầu về văn hóa vật thể, văn hóa Tà Ôi qua tập quán và nghi lễ đười người, nhận diện ban đầu về văn hóa phi vật thể cua người Tà Ôi.

Wedi'i Gadw mewn:
Manylion Llyfryddiaeth
Fformat: Llyfr
Iaith:Undetermined
Cyhoeddwyd: Hà Nội Hội nhà văn 2017
Pynciau:
Tagiau: Ychwanegu Tag
Dim Tagiau, Byddwch y cyntaf i dagio'r cofnod hwn!
Thư viện lưu trữ: Trung tâm Học liệu Trường Đại học Cần Thơ
LEADER 00893nam a2200193Ia 4500
001 CTU_225615
008 210402s9999 xx 000 0 und d
082 |a 398.09597 
082 |b T307 
245 0 |a Tiếp cận văn hóa Tà Ôi 
245 0 |c Trần Nguyễn Khánh Phong, Vũ Thị Mỹ Ngọc (giới thiệu) 
260 |a Hà Nội 
260 |b Hội nhà văn 
260 |c 2017 
520 |a Nội dung sách giới thiệu một số nhận diện ban đầu về văn hóa vật thể, văn hóa Tà Ôi qua tập quán và nghi lễ đười người, nhận diện ban đầu về văn hóa phi vật thể cua người Tà Ôi. 
650 |a Văn hóa dân gian,Folklore 
650 |z Việt Nam,Vietnam 
910 |b dqhieu 
980 |a Trung tâm Học liệu Trường Đại học Cần Thơ